The noble scholar, jurist, historian


 His Excellency Dr. Abdul Wahhab bin Ibrahim Abu Sulaiman, may Allah have mercy on him.


 He was born in Umm Al-Qura in the year 1356 AH.

مختصر التحفة الإثنى عشرية / (Record no. 6468)

MARC details
000 -LEADER
fixed length control field 01731cam a22003131i 4500
003 - CONTROL NUMBER IDENTIFIER
control field OSt
005 - DATE AND TIME OF LATEST TRANSACTION
control field 20250315142840.0
008 - FIXED-LENGTH DATA ELEMENTS--GENERAL INFORMATION
fixed length control field 250115s1953 ua g 00000 ara c
040 ## - CATALOGING SOURCE
Original cataloging agency SA-MaUQU
Language of cataloging ara
Transcribing agency SA-RiAUC
Description conventions rda
050 #4 - LIBRARY OF CONGRESS CALL NUMBER
Item number .A48 1953
082 04 - DEWEY DECIMAL CLASSIFICATION NUMBER
Classification number 247.8
Assigning agency SA-RiAUC
090 ## - LOCALLY ASSIGNED LC-TYPE CALL NUMBER (OCLC); LOCAL CALL NUMBER (RLIN)
Classification number (OCLC) (R) ; Classification number, CALL (RLIN) (NR) ن 247.8
Local cutter number (OCLC) ; Book number/undivided call number, CALL (RLIN) ا ل و
100 1# - MAIN ENTRY--PERSONAL NAME
Personal name الآلوسي، محمود شكري بن عبد الله،
Dates associated with a name 1273-1342 هجري
Relator term مؤلف.
245 10 - TITLE STATEMENT
Title مختصر التحفة الإثنى عشرية /
Statement of responsibility, etc. اختصره وهذبه محمود شكري الآلوسي ؛ حققه وعلق حواشيه محب الدين الخطيب.
264 #1 - PRODUCTION, PUBLICATION, DISTRIBUTION, MANUFACTURE, AND COPYRIGHT NOTICE
Place of production, publication, distribution, manufacture القاهرة :
Name of producer, publisher, distributor, manufacturer [الناشر غير محدد]،
Date of production, publication, distribution, manufacture, or copyright notice 1953
264 #3 - PRODUCTION, PUBLICATION, DISTRIBUTION, MANUFACTURE, AND COPYRIGHT NOTICE
Place of production, publication, distribution, manufacture [مكان الطبع غير محدد] :
Name of producer, publisher, distributor, manufacturer المطبعة السلفية.
300 ## - PHYSICAL DESCRIPTION
Extent 336 صفحة ؛
Dimensions 24 سم
336 ## - CONTENT TYPE
Content type term نص
Content type code txt
Source rdacontent
Materials specified كتاب
337 ## - MEDIA TYPE
Media type term بدون وسيط
Media type code n
Source rdamedia
338 ## - CARRIER TYPE
Carrier type term مجلد
Carrier type code nc
Source rdacarrier
650 #7 - SUBJECT ADDED ENTRY--TOPICAL TERM
Topical term or geographic name entry element الإمامة (شيعة)
Source of heading or term aucsh
650 #7 - SUBJECT ADDED ENTRY--TOPICAL TERM
Topical term or geographic name entry element الشيعة (فرقة إسلامية)
Source of heading or term aucsh
700 1# - ADDED ENTRY--PERSONAL NAME
Personal name الأسلمي، غلام محمد بن محيي الدين عمر،
Dates associated with a name توفي بعد 1227 هجري
Relator term معرب.
700 1# - ADDED ENTRY--PERSONAL NAME
Personal name الخطيب، محيي الدين عبد القادر،
Dates associated with a name 1952-
Relator term محقق.
700 12 - ADDED ENTRY--PERSONAL NAME
Relationship information مختصر لـ (عمل) :
Personal name سراج الهند الدهلوي، عبد العزيز بن أحمد بن عبد الرحيم،
Dates associated with a name 1159-1239 هجري
Title of a work التحفة الإثنى عشرية.
700 12 - ADDED ENTRY--PERSONAL NAME
Relationship information تحقيق لـ (عمل) :
Personal name الآلوسي، محمود شكري بن عبد الله،
Dates associated with a name 1273-1342 هجري.
Title of a work مختصر التحفة الإثنى عشرية
942 ## - ADDED ENTRY ELEMENTS (KOHA)
Source of classification or shelving scheme Dewey Decimal Classification
Koha item type كتاب نادر
Suppress in OPAC No
949 ## - LOCAL PROCESSING INFORMATION (OCLC)
a SA-JeALM
d 250115
u mohamedma123
n 1
Holdings
Withdrawn status Lost status Source of classification or shelving scheme Damaged status Not for loan Home library Current library Date acquired Total checkouts Full call number Barcode Date last seen Price effective from Koha item type
    Dewey Decimal Classification     DR AbdElwahab Library DR AbdElwahab Library 03/15/2025   ن 247.8 ا ل و 000010895 03/15/2025 03/15/2025 كتاب نادر